000 00770nam a2200229 a 4500
001 59827
003 BD-RjUL
005 20211209080755.0
008 161227s1968 bg ||||| |||| 00| 0 ben d
035 _a(BD-RjUL)59951
040 _aBD-RjUL
_bben
_cBD-RjUL
041 _aben
082 _223
_a194
_bDEA 1965
100 _aদেকার্ত
_9175732
245 1 0 _aঅনুধ্যান /
_cদেকার্ত
260 _aঢাকা :
_bবাংলা একাডেমী,
_c১৯৬৫
300 _a১০৬ পৃ. ;
_c২১ সেমি.
650 _aফ্রান্স দর্শন
_9178036
650 _aPhilosophy of France
_9178037
700 _aমহীউদ্দীন, অনুবাদ
_9173181
942 _2ddc
_cBK
999 _c59827
_d59827